00683cam a22002177a 4500003000500000005001700005008004100022010001000063011001000073020001500083035001000098040000900108082001200117100002800129245010300157260010300260300002300363650003300386700002400419700002200443CHAP20220329141923.0980605d1993 ch r 00110 eng d a75729 a76701 a2831701945 a86287 cCHAP04a591bG700aGroombridge, Brianeed.10a1994 IUCN red list of threatened animalsc/ed. by Brian Groombridge, Georgina Mace and George Rabb aGland, Switzerland :bInternational Union for Conservation of Nature and Natural Resources,c1993. a286 p. :bgráfs.14aZoologíaxClasificación.0 aMace, Georginaeed.0 aRabb, Georgeeed.